000 00633nam a2200193Ii 4500
003 JO-AjNU
008 230605s9999||||xx |||||||||||||| ||und||
040 _aJO-AjNU
_bara
_erda
_cJO-AjNU
041 _aara
050 1 4 _aQA76.Q826 1983
100 3 _aقبيسي ، محمد,
_eauthor
_915356
245 0 0 _aبرمجة الموثق في عملية التوثيق
264 3 1 _aبيروت:دار الافاق الجديدة ، 1983
300 _a226ص
336 _atext
_btxt
_2rdacontent
337 _aunmediated
_bn
_2rdamedia
338 _avolume
_bnc
_2rdacarrier
650 4 _aالتوثيق -تنظيم المعلومات
_915357
999 _aA4318
_c7886
_d7886